• 首页
  • 本馆介绍
  • 公告通知
  • 最新文献
  • 馆藏检索
  • 电子资源
  • 读者导购
  • 参考咨询
  • 我的图书馆
  • 登录
  • 详细信息显示
  • 放入我的书架
  • 预约/预借图书
  • 作者相关作品
  • 分类相关作品
  • 丛书相关作品
  • 出版社相关作品

书目信息

  • 表格格式
  • 工作单格式
  • 卡片格式
题名:
中国古代雕塑述要
    
 
作者: 冯贺军 著
分册:  
出版信息: 北京   紫禁城出版社  2007
页数: 272页
开本: 25cm
丛书名: 紫禁书系
单 册:
中图分类: J309.22
科图分类:
主题词: 雕塑史--中国--古代 , 雕塑史
电子资源:
ISBN: 978-7-80047-635-8
000 00814oam2 2200265 450
001 1238157199
005 20121019103627.17
010    @a978-7-80047-635-8@dCNY68.00
100    @a20070327d2007 em y0chiy50 ea
101 0  @achi
102    @aCN@b110000
105    @aa z 000yy
200 1  @a中国古代雕塑述要@Azhong guo gu dai diao su shu yao@f冯贺军著
210    @a北京@c紫禁城出版社@d2007
215    @a272页@c图@d25cm
225 2  @a紫禁书系@v15
308    @a丛书第三集
330    @a本书分石窟寺与佛教造像、历代陶俑、陵墓雕刻三部分,内容涵盖了中国古代雕塑的主要门类,展现了古代雕塑的发展历程。
461  0 @12001 @a紫禁书系
606 0  @a雕塑史@y中国@z古代
606 0  @a雕塑史
690    @aJ309.22@v4
701  0 @a冯贺军@Afeng he jun@4著
801  0 @aCN@bNLC@c20101222
905    @a10447@dJ309.22@eJY15
    
    中国古代雕塑述要/冯贺军著.-北京:紫禁城出版社,2007
    272页:图;25cm.-(紫禁书系;15)
    
    
    ISBN 978-7-80047-635-8:CNY68.00
    本书分石窟寺与佛教造像、历代陶俑、陵墓雕刻三部分,内容涵盖了中国古代雕塑的主要门类,展现了古代雕塑的发展历程。
●
相关链接 在E读中查询图书 在五车中查询图书 在当当中查询图书 在豆瓣中查询图书


正题名:中国古代雕塑述要     索取号:J309.22/JY15         预约/预借

序号 登录号 条形码 馆藏地/架位号 状态 备注
1 7832884   278328846   学院路分馆/ [索取号:J309.22/JY15] 在馆    
唐山师范学院图书馆 欢迎您!
大连网信软件有限公司© 版权所有